| 000 | 00652nam a22002057a 4500 | ||
|---|---|---|---|
| 999 |
_c16434 _d16434 |
||
| 003 | AR-CdUCM | ||
| 008 | 190503b ||||| |||| 00| 0 spa d | ||
| 040 |
_aMUNICIPALIDAD PROVINCIAL DEL CUSCO _cBIBLIOTECA MUNICIPAL DEL CUSCO |
||
| 082 |
_a985.009 / _bUN54 |
||
| 245 |
_aHipólito Unanue Pavón : _bel prócer ilustrado |
||
| 260 |
_aLima : _bMercurio, _c1971. |
||
| 300 |
_a41 páginas ; _c17 cm. |
||
| 440 |
_aBiblioteca Chimú _935882 |
||
| 505 | _aContenido: Biografías históricas. | ||
| 650 |
_aBiografías históricas _96252 |
||
| 650 |
_aPrócer peruano _935883 |
||
| 650 |
_aPerú _935 |
||
| 942 |
_2ddc _cLIBROS |
||
| 945 |
_adavv _d03/05/2019 |
||